| 000 | 01475cam a22002174a 4500 | ||
|---|---|---|---|
| 005 | 20250605164138.0 | ||
| 008 | 250528s ||||||||||||||||||||||||d | ||
| 035 | _a18853 | ||
| 020 | _a415037948 | ||
| 040 |
_aGR-AtMCL _bgre _dGR-AtMCL _eAACR2 |
||
| 245 | 1 | _aThe Political Economy of Communications / International and European Dimensions | |
| 250 | _a1st | ||
| 260 |
_bRouledge, _c1990 |
||
| 300 | _a260 | ||
| 520 | _aThis book examines the interaction of industry, ideology and markets, exploring in particular how the world's media have responded both to deregulation and to the emergence of supra-national institutions such as the European Community. Preface, Introduction: Politics and Markets and Communication Policies, The Role of the International Telecommunication Union: Conflict and Resolution and the Industrialized Countries, Intelsat and the Debate about Satellite Competition, International Regime or Corporate Actor? The European Community in Telecommunications Policy, Broadcasting and the European Community: The Commission's Audiovisual Policy, Luxembourg: Changing Anatomy of an International Broadcasting Power, British Television in an Age of Change, New Media in West Germany: The Politics of Legitimation, The Political Economy of Telecommunications in France: A Case Study of ''Telematics'', Conclusion, Index. | ||
| 700 | 1 |
_aDyson Kenneth _93504 |
|
| 700 | 1 |
_aHumphreys Peter _95124 |
|
| 942 | _cBK | ||
| 999 |
_c4162 _d4162 |
||